00281nam a22000977a 4500008004100000082001600041100000800057245009600065260001400161300000800175230621b xxu||||| |||| 00| 0 eng d a328.06bIPU cIPU aActivities of the Inter-Parliamentary Union in 2008bAnnual Report of the Secretary General bIPUc2009 a60p